00486nam a2200181 a 4500001001300000003000900013005001700022008004100039020000900080082001500089100002400104245005100128260004700179300000900226500003500235505001700270650001700287nice12345678IN_TiNIC20260116011658.0050524s1974 mada grp 000 0 eng  ac1500a275.4bBER aBergsquist, James A aCrisis of Dependency in Third World Ministries aMadrasbChristian Literature Societyc1974 a149p aincludes index and biblioraphy2 aBibliography aChurch-India